LDR 00940naa#a2200169#i#450# 001 RU\\bibl\116491 005 20260430131319.4 011 ## _a1994-4683 100 ## _a20260429b2026####ek#y0rusy0150####ca 102 ## _aRU 200 1# _aНадежность выполнения элемента «бумеранг» лентой маховым движением ногой назад-вверх в художественной гимнастике _eЖурнальная статья 210 1# _aМосква _cНациональный государственный Университет физической культуры, спорта и здоровья им. П.Ф. Лесгафта _d2026 215 ## _a6 с. 608 ## _aЖурнальная статья _2local 675 ## _aХудожественная гимнастика. 796.412.2 _z 700 #1 _aМархакшинова _gВиктория Николаевна 856 4# _auchzapiski.lesgaft.spb.ru _u